01566nam a2200361 a 4500001001000000003000500010005001700015008004100032010001100073011001100084040000900095090001000104100003800114245017400152260004100326500006000367502007200427590004100499590004000540590004000580650003100620650004500651650003100696650003500727650005400762856007000816901000700886942001000893942000600903999001900909952013600928952014001064000113151CHAP20220329144341.0170503s2016 mx sm |||||||spa d a109612 a110584 cCHAP aTesis1 aValdivia Pérez, Daniela913209310aAnálisis de frecuencias de ocurrencia de lluvia extremas con finalidad de drenaje superficial municipio Macuspana, Tabascoh[En línea]cpor Daniela Valdivia Pérez. aChapingo, Méx. :bEl autor,c2016. aPara ver el contenido del material haga clic en la liga aTesis (Ing. en Irrigación ) -- UACH. Departamento de Irrigación aE11695DGDb10c20170503lUCH01h1436 aE5765TAJb05c20170503lUCH01h0930 aE5765TAJb05c20170503lUCH01h093114aDrenaje agrícola.93422114aEscurrimientosxAprovechamiento.913183114aLluviaxMedición.96732514aPlantasxEspaciamiento.98883514aPrecipitación (Meteorología)xTabasco.991356 aFinding aiduhttp://10.13.5.2/tesis/sist113151.pdfzTeclea aquí aBK cTESIS n0 c109612d109612 00104054718TESISaBCbBCd2017-05-03fTESISl0oTesisp33724002530561r2019-12-31 00:00:00w2019-12-31yTESISzRecien adquirido 00102local4053708TESISaBCbBCcPA_TESISd2017-05-03fTESISl0oTesisp33724002530603r2019-12-31 00:00:00tc.2w2019-12-31yTESIS